Ashley Tisdale Filmography - Statistics

General Stats
  • This quiz has been taken 60 times
    7 since last reset
  • The average score is 36 of 121
Answer Stats
Type Year Name % Correct
TV Film 2006 High School Musical
100%
TV Film 2007 High School Musical 2
100%
Film 2008 High School Musical 3: Senior Year
100%
TV Show 2005-2008 The Suite Life of Zack & Cody
100%
TV Show 2009 The Suite Life on Deck
100%
TV Show 2007-2015, 2025 Phineas and Ferb
86%
TV Film 2011 Phineas and Ferb the Movie: Across the 2nd Dimension
57%
Film 2020 Phineas and Ferb The Movie: Candace Against the Universe
57%
Film 2013 Scary Movie 5
57%
Film 1998 A Bug's Life
43%
Film 2009 Aliens in the Attic
43%
TV Show 2014 Robot Chicken
43%
TV Film 2011 Sharpay's Fabulous Adventure
43%
TV Show 2016-2018 Skylanders Academy
43%
TV Show 2000 The Amanda Show
43%
TV Mini-Series 2006, 2007 The Disney Channel Games
43%
Film 2006 Whisper of the Heart
43%
TV Show 2001 100 Deeds for Eddie McDowd
29%
TV Show 1997 7th Heaven
29%
Film 2016 Amateur Night
29%
TV Show 2016 American Dad!
29%
TV Show 2009 America's Got Talent
29%
TV Film 1998 An All Dogs Christmas Carol
29%
Film 2023 Baby Shark's Big Movie!
29%
Documentary Series 2020 Becoming
29%
TV Show 2001 Bette
29%
TV Show 2000 Beverly Hills, 90210
29%
Film 2014 Birds of Paradise
29%
TV Show 2000 Boston Public
29%
Film 2007 Bring It On: In It to Win It
29%
TV Show 2019-2020 Carol's Second Act
29%
TV Show 2001 Charmed
29%
Film 2018 Charming
29%
TV Show 2015 Clipped
29%
TV Show 2006, 2013 Dancing with the Stars
29%
Film 2001 Donnie Darko
29%
TV Show 2017 Drop the Mic
29%
Commercial 2008 Eckō
29%
TV Show 2009 Extreme Makeover: Home Edition
29%
TV Show 2010 Family Guy
29%
TV Show 2003 George Lopez
29%
Web Series 2017 Ginger Snaps
29%
TV Show 2010 Glenn Martin, DDS
29%
TV Show 2003 Grounded for Life
29%
TV Show 2006 Hannah Montana
29%
TV Show 2010-2011 Hellcats
29%
TV Short 2016 High School Musical: 10th Anniversary
29%
TV Show 2001 Kate Brasher
29%
TV Show 2007 Kim Possible
29%
TV Show 2018 MacGyver
29%
TV Show 2002 Malcolm in the Middle
29%
Web Series 2019 Merry Happy Whatever
29%
TV Show 2018 Milo Murphy's Law
29%
TV Show 2000 Movie Stars
29%
TV Film 2001 Nathan's Choice
29%
TV Show 2001 Once and Again
29%
TV Film 2018 Pandas in New York
29%
TV Film 2008 Picture This
29%
TV Show 1998 Pinky, Elmyra & the Brain
29%
Film 2014 Playing It Cool
29%
TV Show 2015 Project Runway
29%
Commercial 2012 Puma
29%
TV Show 2007, 2012 Punk'd
29%
TV Show 2012 Raising Hope
29%
TV Show 2014 Review
29%
TV Show 2013-2014 Sabrina: Secrets of a Teenage Witch
29%
Film 2013 Saving Santa
29%
TV Show 1997 Smart Guy
29%
TV Show 2012 Sons of Anarchy
29%
TV Show 2003 Still Standing
29%
TV Show 2003 Strong Medicine
29%
TV Special 2008 Studio DC: Almost Live
29%
TV Show 2013, 2014 Super Fun Night
29%
TV Show 2011 Take Two with Phineas and Ferb
29%
TV Show 2010 The Cleveland Show
29%
TV Show 2013 The Crazy Ones
29%
Video Game 2021 The Dark Pictures: House of Ashes
29%
TV Special 2020 The Disney Family Singalong
29%
TV Show 2000 The Geena Davis Show
29%
TV Show 2002 The Hughleys
29%
TV Show 2020-2021 The Masked Dancer
29%
TV Film 2002 The Mayor of Oyster Bay
29%
TV Show 2025 Theme Song Takeover
29%
Documentary 2007 There's Something About Ashley
29%
Short Documentary 2007 There's Something About Ashley: The Story of Headstrong
29%
Video Game 2007 The Tuttles: Madcap Misadventures
29%
Commercial 2004 T-Mobile
29%
TV Short 2011 Toddlers and Tiaras: Where Are They Now?
29%
TV Show 2016 Truth Be Told
29%
TV Special 2013 Vanessa & Ashley: Inner Circle
29%
TV Show 2009 Walmart Soundcheck
29%
Film 2007 Wish Gone Amiss
29%
TV Show 2007 Yay Me! Starring London Tipton
29%
TV Show 2014, 2015, 2016 Young & Hungry
29%
TV Show 2008 American Idol
14%
Web Series 2016-2017 Ashley Tisdale: Music Sessions
14%
TV Special 2006 Christmas Celebration at the Grove
14%
Podcast 2021 Christmas Delivery
14%
TV Special 2007 Christmas in Rockefeller Center
14%
TV Show 2006-2007 Disney 365
14%
TV Show 2005 Disney 411
14%
Web Series 2023, 2025 Disney How NOT to Draw
14%
Video Game 2010 Disney Sing It: Party Hits
14%
TV Show 2006 Express Yourself
14%
Commercial 2000 H&R Block
14%
TV Short 2006 High School Musical Dance-Along
14%
TV Show 2008 High School Musical: Get in the Picture
14%
Concert Film 2006 High School Musical: The Concert - Extreme Access Pass
14%
Short Documentary 2019 High School Musical: The Musical: The Series: The Special
14%
TV Special 2010 Hope for Haiti Now: A Global Benefit for Earthquake Relief
14%
Theater 1993-1996 Les Misérables
14%
TV Special 2006 New Year Sing-A-Long Bowl-A-Thon!
14%
TV Show 2009 Popstars
14%
TV Show 2008 Saturday Disney
14%
TV Show 2020 The Price Is Right
14%
TV Special 2005 Totally Suite New Year's Eve
14%
Commercial 1999 Toys R Us
14%
TV Show 2009 Wanna Bet?
14%
TV Show 2010 Fish Hooks
0%
TV Show 2015 @midnight
0%
TV Show 2007 What Perez Sez
0%
No matching quizzes found
Score Distribution
Percent of People with Each Score
Percentile by Number Answered
Your Score History
You have not taken this quiz since the last reset